00532nam a2200181Ia 4500008004100000020001800041082001300059100002900072245002800101250000600129260003900135300001700174500002400191650001800215942000700233952009300240999001700333230524s9999 xx 000 0 und d a9789381141649 a577bPUR aAnuj Kumar Purwar942968 0aEnvironment And Ecology a1 aNew DelhibI.K.Internationalc2012 a"XIII,303p;" aQuantity Number: 1 aEnvironmental cBK 00104070aTATCLbTATCLcGENd2023-05-24l0o577 PURp54217r2023-05-24w2023-05-24yBK c57924d57924